Szczegóły MARC21

Bohater czy zdrajca : fakty i dokumenty : sprawa pułkownika Kuklińskiego /

003 -Nazwa inst., której nr kontr. jest w polu 001 [,]
    • @
    • Nazwa instytucji, której n kontrolny jest w polu 001
    • NUKAT
005 -DATA I CZAS OSTATNIEJ MODYFIKACJI [,]
    • @
    • pole kontrolne
    • 20241231113254.0
020 -Międzynarod. znormalizowany nr książki - ISBN [ , ]
    • a
    • Numer ISBN
    • 8385611053 Find
    • q
    • Dopowiedzenie
    • Most
040 -Instytucja sporządzająca opis [ , ]
    • a
    • Instytucja, która sporządziła opis (NP)
    • WR U/al
    • c
    • Instytucja, która sporządziła rekord (NP)
    • WR U/al
    • d
    • Instytucja, która zmodyfikowała rekord (P)
    • WR U/dl
    • d
    • Instytucja, która zmodyfikowała rekord (P)
    • POZN U/KaKs
    • d
    • Instytucja, która zmodyfikowała rekord (P)
    • BSTOK 010/TChs
    • d
    • Instytucja, która zmodyfikowała rekord (P)
    • SZCZ U/KP
942 -Rodzaj dokumentu [ , ]
    • c
    • Rodzaj dokumentu
    • Książka
245 -Strefa tytułu i oznaczenia odpowiedzialności [0,0]
    • a
    • Tytuł
    • Bohater czy zdrajca : Find
    • b
    • Ciąg dalszy tytułu (NP)
    • fakty i dokumenty : sprawa pułkownika Kuklińskiego / Find
    • c
    • Pozostałe elementy strefy tytułu i oznaczenia odpowiedzialności (NP)
    • oprac. Maciej Łukasiewicz ; wstęp Dariusz Fikus.
260 -Strefa adresu wydawniczego [ , ]
    • a
    • Miejsce wydania (P)
    • Warszawa :
    • b
    • Nazwa wydawcy (P)
    • "Most" :
    • b
    • Nazwa wydawcy (P)
    • "Presspublica",
    • c
    • Data wydania (P)
    • 1992.
300 -Strefa opisu fizycznego [ , ]
    • a
    • Określenie formy książki i/lub objętość (NP)
    • 221, [3] s. :
    • b
    • Oznaczenie ilustracji (NP)
    • il. ;
    • c
    • Format (NP)
    • 21 cm.
336 -Typ zawartości [ , ]
    • a
    • Termin opisujący typ zawartości
    • Tekst
    • b
    • Kod określający zawartość
    • txt
    • 2
    • Źródło (terminu i kodu)
    • rdacontent
337 -Typ mediów [ , ]
    • a
    • Tryb odtwarzania
    • Bez urządzenia pośredniczącego
    • b
    • Kod typu mediów
    • n
    • 2
    • Źródło (terminu i kodu)
    • rdamedia
338 -Typ/rodzaj nośnika [ , ]
    • a
    • Hasło opisujące typ nośnika
    • Wolumin
    • b
    • Kod typu nośnika
    • nc
    • 2
    • Źródło (terminu i kodu)
    • rdacarrier
380 -Deskryptor - Forma dzieła (P) [ , ]
    • a
    • forma dzieła (NP)
    • Literatura faktu, eseje, publicystyka
386 -Deskryptor - przynależność kulturowa (P) [ , ]
    • m
    • Wyrażenie wprowadzające (NP)
    • Przynależność kulturowa
    • a
    • Przynależność kulturowa (NP)
    • Literatura polska
388 -Deskryptor - czas powstania dzieła (P) [1, ]
    • a
    • Czas powstania dzieła (NP)
    • 1901-2000
080 -Uniwersalna Klasyfikacja Dziesiętna [ , ]
    • a
    • Symbol klasyfikacji
    • 355.40
    • 9
    • UKD
    • 3699
    • 2
    • Identyfikator wydania tablic
    • UDC-P058
    • b
    • Dopowiedzenie
    • Wywiad wojskowy. Informacja wojskowa. Szpiegostwo wojskowe. Kontrwywiad.
600 -Hasło przedmiotowe w formie nazwy osobowej [1,7]
    • a
    • Nazwa osobowa
    • Kukliński, Ryszard Jerzy
    • d
    • Daty związane z nazwą
    • (1930-2004).
    • 2
    • Źródło terminu
    • kaba
    • 9
    • KHW
    • 241540
600 -Hasło przedmiotowe w formie nazwy osobowej [1,7]
    • a
    • Nazwa osobowa
    • Kukliński, Ryszard Jerzy
    • d
    • Daty związane z nazwą
    • (1930-2004)
    • x
    • Określnik rzeczowy
    • opinia publiczna.
    • 2
    • Źródło terminu
    • kaba
    • 9
    • KHW
    • 407134
600 -Hasło przedmiotowe w formie nazwy osobowej [1,7]
    • a
    • Nazwa osobowa
    • Kukliński, Ryszard Jerzy
    • d
    • Daty związane z nazwą
    • (1930-2004)
    • 2
    • Źródło terminu
    • DBN
    • 9
    • KHW
    • 241540
650 -Hasło przedmiotowe [ ,7]
    • a
    • Hasło przedmiotowe
    • Zdrada kraju
    • 2
    • Źródło terminu
    • DBN
650 -Hasło przedmiotowe [ ,7]
    • a
    • Hasło przedmiotowe
    • Polityka wewnętrzna
    • 2
    • Źródło terminu
    • DBN
    • 9
    • KHW
    • 722011
650 -Hasło przedmiotowe [ ,7]
    • a
    • Hasło przedmiotowe
    • Polacy
    • 2
    • Źródło terminu
    • DBN
    • 9
    • KHW
    • 723028
650 -Hasło przedmiotowe [ ,7]
    • a
    • Hasło przedmiotowe
    • Szpiedzy
    • 2
    • Źródło terminu
    • DBN
    • 9
    • KHW
    • 745123
650 -Hasło przedmiotowe [ ,7]
    • a
    • Hasło przedmiotowe
    • Wywiad amerykański
    • 2
    • Źródło terminu
    • DBN
651 -Hasło przedmiotowe w formie nazwy geograficznej [ ,7]
    • a
    • Nazwa geograficzna
    • Polska
    • 2
    • Źródło terminu
    • DBN
    • 9
    • KHW
    • 721438
655 -Hasło w funkcji tematu formalnego [ ,7]
    • a
    • Hasło
    • Publicystyka
    • 2
    • Źródło terminu
    • DBN
    • 9
    • KHW
    • 721194
658 -Ujęcie treści [ , ]
    • a
    • dziedzina nauki i sztuki/ sfera aktywności życiowej
    • Polityka, politologia, administracja publiczna
658 -Ujęcie treści [ , ]
    • a
    • dziedzina nauki i sztuki/ sfera aktywności życiowej
    • Bezpieczeństwo i wojskowość
980 -Symbol UKD [ , ]
    • a
    • UKD
    • 355.40
700 -Hasło dodatkowe - nazwa osobowa [1, ]
    • a
    • Nazwa osobowa (NP)
    • Łukasiewicz, Maciej Find
    • d
    • Daty biograficzne (NP)
    • (1941-2005).
    • e
    • Określenie rodzaju współpracy
    • Oprac.
    • 9
    • KHW
    • 79603
700 -Hasło dodatkowe - nazwa osobowa [1, ]
    • a
    • Nazwa osobowa (NP)
    • Fikus, Dariusz Find
    • d
    • Daty biograficzne (NP)
    • (1932-1996).
    • e
    • Określenie rodzaju współpracy
    • Wstęp
    • 9
    • KHW
    • 47700
710 -Hasło dodatkowe - nazwa ciała zbiorowego [2, ]
    • a
    • Nazwa ciała zbiorowego lub nazwa geograficzna jako pierwszy element (NP)
    • Oficyna Wydawnicza Most.
    • 4
    • Kod relacji
    • pbl
    • 9
    • KHW
    • 408357
710 -Hasło dodatkowe - nazwa ciała zbiorowego [2, ]
    • a
    • Nazwa ciała zbiorowego lub nazwa geograficzna jako pierwszy element (NP)
    • Presspublica.
    • 4
    • Kod relacji
    • pbl
    • 9
    • KHW
    • 79243
920 -ISBN [ , ]
    • a
    • ISBN
    • 83-85611-05-3 Find
    • q
    • Dopowiedzenie
    • Most
Numer inwentarzowy Status udost. Data inwentaryzacji Lokalizacja
WM.21462-32018-03-29BG
H.399311993-12-21BNS
F.24473-31993-12-21BNS